书目信息 |
| 题名: |
电力电子技术
|
|
| 作者: | 廖冬初 , 聂汉平 主编 | |
| 分册: | ||
| 出版信息: | 武汉 华中科技大学出版社 2007.09 |
|
| 页数: | 232页 | |
| 开本: | 23cm | |
| 丛书名: | 21世纪电气信息学科立体化系列教材 | |
| 单 册: | ||
| 中图分类: | TM1 | |
| 科图分类: | ||
| 主题词: | 电力电子学--dian li dian zi xue--高等教育--教材 | |
| 电子资源: | ||
| ISBN: | 978-7-5609-4163-9 | |
| 000 | 01186nam 2200289 450 | |
| 001 | 012008804365 | |
| 005 | 20080618181020.93 | |
| 010 | @a978-7-5609-4163-9@dCNY25.80 (含光盘) | |
| 010 | @a978-7-900725-61-5@b光盘 | |
| 100 | @a20080618d2007 em y0chiy0120 ea | |
| 101 | 0 | @achi |
| 102 | @aCN@b420000 | |
| 105 | @aa a 000yy | |
| 106 | @ar | |
| 200 | 1 | @a电力电子技术@Adian li dian zi ji shu@f廖冬初, 聂汉平主编@Fliao dong chu,nie han ping zhu bian |
| 210 | @a武汉@c华中科技大学出版社@d2007.09 | |
| 215 | @a232页@c图@d23cm@e光盘1片 | |
| 225 | 2 | @a21世纪电气信息学科立体化系列教材@A21 shi ji dian qi xin xi xue ke li ti hua xi lie jiao cai |
| 320 | @a有书目 (第231-232页) | |
| 330 | @a本书的内容涉及各种电力电子器件,,DC/DC、DC/AC、AC/DC和AC/AC四类电力转换电路,电力电子变换系统中的辅助元器件和控制系统,谐振变换电路,以及电力电子技术在电力传输和电力控制、电力补偿中的应用技术等。 | |
| 410 | 0 | @12001 @a21世纪电气信息学科立体化系列教材 |
| 606 | 0 | @a电力电子学@Adian li dian zi xue@x高等教育@j教材 |
| 690 | @aTM1@v4 | |
| 701 | 0 | @a廖冬初@Aliao dong chu@4主编 |
| 701 | 0 | @a聂汉平@Anie han ping@4主编 |
| 801 | 0 | @aCN@bQSSK@c20080618 |
| 905 | @b728422-24@dTM1@eL466@f3 | |
| 电力电子技术/廖冬初, 聂汉平主编.-武汉:华中科技大学出版社,2007.09 |
| 232页:图;23cm+光盘1片.-(21世纪电气信息学科立体化系列教材) |
| ISBN 978-7-5609-4163-9:CNY25.80 (含光盘) |
| 本书的内容涉及各种电力电子器件,,DC/DC、DC/AC、AC/DC和AC/AC四类电力转换电路,电力电子变换系统中的辅助元器件和控制系统,谐振变换电路,以及电力电子技术在电力传输和电力控制、电力补偿中的应用技术等。 |
| ● |
| 相关链接 |
|
|
|
正题名:电力电子技术
索取号:TM1/L466
 
预约/预借
| 序号 | 登录号 | 条形码 | 馆藏地/架位号 | 状态 | 备注 |
| 1 | 728422 | 207284222 | 自科库301/301自科库 6排3列5层/ [索取号:TM1/L466] | 在馆 | |
| 2 | 728423 | 207284231 | 自科库301/301自科库 6排3列5层/ [索取号:TM1/L466] | 在馆 | |
| 3 | 728424 | 207284240 | 自科二线404/404自科库 16排1列5层/ [索取号:TM1/L466] | 在馆 |